000 00797cam a22001814a 4500
005 20250605164034.0
008 250528s ||||||||||||||||||||||||d
035 _a16738
040 _aGR-AtMCL
_bgre
_dGR-AtMCL
_eAACR2
245 1 _aΣτοχαστικές Νότες / Ποιήματα
260 _bΘεσσαλονίκη,
_c1992
300 _a72
520 _aΣταμάτησε το γέλιο, απ'τα ανθρώπινα χείλη... Οι άνθρωποι ξέχασαν να γελούν. Κι αυτό, γιατί πρώτα ξέχασαν ν'αγαπούν... Δεν βγαίνει χαμόγελο στα χείλη, αν η καρδιά... δεν το στείλει!
700 1 _aΠασχαλέρη Κανελλίτσα
_92828
942 _cBK
999 _c2208
_d2208